[Event "41st POL-ch (w)"]
[Site "Poznan POL"]
[Date "1989.??.??"]
[Round "1"]
[White "Swiecik, Iwona"]
[Black "Szmacinska, Grazyna"]
[Result "1/2-1/2"]
[WhiteElo "2240"]
[BlackElo "2215"]
[EventDate "1989.??.??"]
[PlyCount "77"]

1.e4 e5 2.Nf3 Nc6 3.Bb5 Nf6 4.O-O Nxe4 5.d4 Be7 6.dxe5 O-O 7.Re1 Nc5 8.Nc3
a6 9.Bc4 b5 10.Bf1 Bb7 11.Nd5 Ne6 12.Nxe7+ Qxe7 13.c3 Rfe8 14.Be3 Nf8 15.
Bg5 Qe6 16.a4 b4 17.cxb4 Nxb4 18.Nd4 Qd5 19.Nf5 Qxd1 20.Raxd1 Nc6 21.f4 
Bc8 22.Ne3 Rb8 23.Nd5 Ne6 24.Bh4 Rxb2 25.f5 Nc5 26.Nxc7 Rf8 27.a5 Ra2 28.
Ra1 Rxa1 29.Rxa1 Nb3 30.Ra3 Nbxa5 31.Nxa6 Nb7 32.Nc7 Nc5 33.Bc4 Bb7 34.e6 
fxe6 35.fxe6 Nxe6 36.Nxe6 dxe6 37.Bxe6+ Kh8 38.Bf2 Ra8 39.Rxa8+ 1/2-1/2

[Event "41st POL-ch (w)"]
[Site "Poznan POL"]
[Date "1989.??.??"]
[Round "1"]
[White "Erenska-Radzewska, Hanna"]
[Black "Kaczmarek, Ewa"]
[Result "1/2-1/2"]
[WhiteElo "2285"]
[BlackElo "2160"]
[EventDate "1989.??.??"]
[PlyCount "121"]

1.e4 c5 2.f4 d6 3.Nf3 Nc6 4.Bb5 Bd7 5.O-O Nf6 6.d3 a6 7.Bxc6 Bxc6 8.e5 
dxe5 9.fxe5 Bxf3 10.Qxf3 Qd4+ 11.Kh1 Qxe5 12.Nc3 Qc7 13.Bg5 O-O-O 14.Rae1 
h6 15.Bh4 Qd7 16.Re5 Qd4 17.Qh3+ e6 18.Bxf6 gxf6 19.Re4 Qd7 20.Rxf6 Bg7 
21.Na4 Qc7 22.Rf1 b5 23.Nc3 Bxc3 24.bxc3 Rdg8 25.Qf3 Rg7 26.Rf4 Rhh7 27.
Qa8+ Qb8 28.Qxa6+ Qb7 29.Qxb7+ Kxb7 30.Rf6 h5 31.h3 Kc6 32.Kh2 Kd6 33.Rb1 
Kc6 34.Rbf1 Kd6 35.R6f4 f5 36.a4 bxa4 37.Rxa4 Ra7 38.Rfa1 Rxa4 39.Rxa4 h4 
40.Ra6+ Ke5 41.Kg1 Rb7 42.Ra4 Rb2 43.d4+ Kd6 44.Ra6+ Kd7 45.dxc5 Rxc2 46.
Rd6+ Ke7 47.Rd3 Ra2 48.Rd4 Ra5 49.Rc4 Kd7 50.c6+ Kc7 51.Kf2 Ra2+ 52.Kf3 
Rc2 53.g4 hxg3 54.Kxg3 e5 55.h4 Rc1 56.Kf2 Rc2+ 57.Kg1 e4 58.Kf1 Rh2 59.
Rc5 f4 60.Re5 e3 61.h5 1/2-1/2

[Event "41st POL-ch (w)"]
[Site "Poznan POL"]
[Date "1989.??.??"]
[Round "1"]
[White "Jagodzinska, Joanna"]
[Black "Sosnowska, Elzbieta"]
[Result "1/2-1/2"]
[WhiteElo "2140"]
[BlackElo "2120"]
[EventDate "1989.??.??"]
[PlyCount "66"]

1.e4 e5 2.Nf3 Nf6 3.Nxe5 d6 4.Nf3 Nxe4 5.Nc3 Nxc3 6.dxc3 Be7 7.Be3 Nc6 8.
Qd2 Be6 9.Ng5 Qd7 10.Nxe6 Qxe6 11.Be2 O-O 12.O-O Ne5 13.Rfe1 Bf6 14.Bd4 c5
15.Be3 Rad8 16.Rad1 Nc4 17.Bxc4 Qxc4 18.Qd5 Qb5 19.Qb3 Qc6 20.Qc4 b6 21.
Rd5 Rfe8 22.Red1 Re6 23.Qd3 g6 24.h3 Qa4 25.a3 Kg7 26.Qd2 Be5 27.Bg5 Bf6 
28.Bh6+ Kg8 29.Bf4 Be7 30.Bg3 Bf8 31.Qd3 f5 32.Qd2 Qe8 33.Qd3 Qa4 1/2-1/2

[Event "41st POL-ch (w)"]
[Site "Poznan POL"]
[Date "1989.??.??"]
[Round "1"]
[White "Klusek, Danuta"]
[Black "Lissowska, Anna"]
[Result "0-1"]
[WhiteElo "2145"]
[BlackElo "2145"]
[EventDate "1989.??.??"]
[PlyCount "96"]

1.e4 e6 2.d4 d5 3.Nd2 Be7 4.c3 c5 5.exd5 Qxd5 6.Ngf3 cxd4 7.Bc4 Qh5 8.Nxd4
Qxd1+ 9.Kxd1 Nf6 10.Nb5 Na6 11.Nf3 O-O 12.Ke2 Nc5 13.Bf4 Bd7 14.Ne5 Nd5 
15.Bg3 Bxb5 16.Bxb5 Ne4 17.Bd3 Nxg3+ 18.hxg3 h6 19.Be4 Nf6 20.Bf3 Rac8 21.
Rad1 Rc7 22.Rd2 Rd8 23.Rhd1 Rxd2+ 24.Rxd2 Kf8 25.Rd4 Ke8 26.Rc4 Rxc4 27.
Nxc4 b6 28.Ne5 Bd6 29.Nc6 a5 30.Nd4 Kd7 31.a3 e5 32.Nf5 e4 33.Nxg7 exf3+ 
34.gxf3 Bf8 35.Nf5 Nd5 36.Kd3 Kc7 37.Kd4 Ne7 38.Ne3 Bg7+ 39.Kc4 Kc6 40.a4 
Nc8 41.b4 Nd6+ 42.Kd3 h5 43.Nc2 Nf5 44.Ke4 Ne7 45.Kd3 Nd5 46.bxa5 bxa5 47.
Nd4+ Bxd4 48.cxd4 Nb6 0-1

[Event "41st POL-ch (w)"]
[Site "Poznan POL"]
[Date "1989.??.??"]
[Round "1"]
[White "Rzeczycka, Bozena"]
[Black "Wiese-Jozwiak, Malgorzata"]
[Result "1-0"]
[WhiteElo "2090"]
[BlackElo "2270"]
[EventDate "1989.??.??"]
[PlyCount "61"]

1.e4 d5 2.exd5 Qxd5 3.Nc3 Qa5 4.Bc4 Nf6 5.d4 Bg4 6.f3 Bf5 7.Ne2 Nc6 8.Be3 
O-O-O 9.a3 Ne5 10.b4 Qb6 11.Bb3 Be6 12.Bf2 Bxb3 13.cxb3 Qa6 14.b5 Qe6 15.
Qc2 Ng6 16.O-O Qd7 17.a4 e6 18.Ne4 Kb8 19.Rfc1 b6 20.Nxf6 gxf6 21.d5 e5 
22.a5 Bd6 23.Qa2 Qxb5 24.axb6 a5 25.bxc7+ Bxc7 26.Rc5 Qb7 27.Nc3 Ka8 28.
Rb5 Qa6 29.b4 Rb8 30.Qc4 Rxb5 31.Nxb5 1-0

[Event "41st POL-ch (w)"]
[Site "Poznan POL"]
[Date "1989.??.??"]
[Round "1"]
[White "Strzalka, Joanna"]
[Black "Grochot, Czeslawa"]
[Result "0-1"]
[WhiteElo "2160"]
[BlackElo "2040"]
[EventDate "1989.??.??"]
[PlyCount "60"]

1.e4 c5 2.Nf3 Nc6 3.c3 d5 4.exd5 Qxd5 5.d4 e6 6.Na3 Qd8 7.Nc2 cxd4 8.Ncxd4
Nxd4 9.Nxd4 a6 10.a4 Nf6 11.Bd3 Be7 12.Qf3 Qd5 13.Qg3 O-O 14.O-O Bd6 15.f4
Re8 16.Bd2 Bd7 17.Rae1 Bxa4 18.Re5 Bxe5 19.fxe5 Ne4 20.Qf3 f5 21.exf6 Nxf6
22.Qg3 Ne4 23.Qh4 Bc6 24.Re1 Nf6 25.Qh3 e5 26.Nf5 e4 27.Bg5 exd3 28.Re7 
Kh8 29.Bxf6 Rxe7 30.Bxe7 d2 0-1

[Event "41st POL-ch (w)"]
[Site "Poznan POL"]
[Date "1989.??.??"]
[Round "2"]
[White "Klusek, Danuta"]
[Black "Rzeczycka, Bozena"]
[Result "1/2-1/2"]
[WhiteElo "2145"]
[BlackElo "2090"]
[EventDate "1989.??.??"]
[PlyCount "83"]

1.e4 e5 2.Nf3 Nf6 3.Nxe5 d6 4.Nf3 Nxe4 5.d4 d5 6.Bd3 Nc6 7.c3 Be7 8.O-O 
O-O 9.Nbd2 Nxd2 10.Bxd2 Bg4 11.Bf4 Bh5 12.Re1 Bg6 13.Ne5 Nxe5 14.Bxe5 Bd6 
15.Bxg6 hxg6 16.Qb3 Bxe5 17.Rxe5 c6 18.Qxb7 Qf6 19.Qe7 Rfb8 20.Qxf6 gxf6 
21.Re2 a5 22.b3 Ra7 23.Rae1 Kf8 24.h4 c5 25.dxc5 Rc7 26.Rd2 Rxc5 27.Re3 
Rbc8 28.Red3 Rxc3 29.Rxd5 R3c5 30.g3 a4 31.bxa4 Rxd5 32.Rxd5 Rc2 33.a5 
Rxa2 34.Kg2 Ra3 35.g4 Kg7 36.f3 Ra2+ 37.Kg3 Ra4 38.Rc5 Kh6 39.h5 Kg7 40.
Rb5 Kh6 41.Kf2 Ra3 42.Kg3 1/2-1/2

[Event "41st POL-ch (w)"]
[Site "Poznan POL"]
[Date "1989.??.??"]
[Round "2"]
[White "Lissowska, Anna"]
[Black "Kaczorowska, Barbara"]
[Result "0-1"]
[WhiteElo "2145"]
[BlackElo "2200"]
[EventDate "1989.??.??"]
[PlyCount "64"]

1.d4 d5 2.c4 c6 3.Nf3 Nf6 4.Nc3 dxc4 5.a4 Bf5 6.e3 e6 7.Bxc4 Bb4 8.O-O O-O
9.Nh4 Bg4 10.f3 Bh5 11.g4 Nd5 12.Qe1 Be7 13.Ng2 Bg6 14.Qd1 Nb6 15.Bb3 c5 
16.dxc5 Bxc5 17.Nf4 Nc6 18.Nxg6 hxg6 19.a5 Nd7 20.a6 bxa6 21.Ne4 Be7 22.
Rxa6 Nb4 23.Ra1 Qc7 24.Kh1 Ne5 25.Bd2 Rfd8 26.Qe2 Qb7 27.Qg2 Nbd3 28.Ba4 
Nc4 29.f4 Rab8 30.Rfd1 Qxe4 31.Qxe4 Nf2+ 32.Kg2 Nxe4 0-1

[Event "41st POL-ch (w)"]
[Site "Poznan POL"]
[Date "1989.??.??"]
[Round "2"]
[White "Kaczmarek, Ewa"]
[Black "Jagodzinska, Joanna"]
[Result "1-0"]
[WhiteElo "2160"]
[BlackElo "2140"]
[EventDate "1989.??.??"]
[PlyCount "69"]

1.e4 c5 2.Nf3 d6 3.d4 cxd4 4.Nxd4 Nf6 5.Nc3 g6 6.Be3 Bg7 7.f3 Nc6 8.Qd2 
O-O 9.Bc4 Bd7 10.O-O-O Qa5 11.Bb3 Rfc8 12.Kb1 Ne5 13.h4 Nc4 14.Bxc4 Rxc4 
15.Nb3 Qa6 16.e5 Ne8 17.h5 Rac8 18.hxg6 hxg6 19.g3 Bxe5 20.Qh2 e6 21.Bd4 
Rxd4 22.Nxd4 Qb6 23.Qd2 Rc4 24.Nce2 a5 25.Ka1 Bg7 26.c3 e5 27.Nc2 Be6 28.
Ne3 Rc5 29.f4 Bf6 30.g4 Bc4 31.g5 Bd8 32.Nxc4 Rxc4 33.Qd3 Rc5 34.Qh3 Kf8 
35.Qd7 1-0

[Event "41st POL-ch (w)"]
[Site "Poznan POL"]
[Date "1989.??.??"]
[Round "2"]
[White "Grochot, Czeslawa"]
[Black "Swiecik, Iwona"]
[Result "0-1"]
[WhiteElo "2040"]
[BlackElo "2240"]
[EventDate "1989.??.??"]
[PlyCount "112"]

1.e4 Nf6 2.e5 Nd5 3.c4 Nb6 4.c5 Nd5 5.Nc3 e6 6.Nxd5 exd5 7.d4 d6 8.cxd6 
cxd6 9.Nf3 Nc6 10.Be2 Be7 11.O-O O-O 12.Bf4 Bf5 13.exd6 Bxd6 14.Bxd6 Qxd6 
15.Qd2 Rfe8 16.Rac1 Re7 17.Rfe1 Be4 18.Rc3 Rae8 19.Rec1 Bxf3 20.Bxf3 Nxd4 
21.h3 Nxf3+ 22.Rxf3 Re2 23.Qxe2 Rxe2 24.Rc8+ Qf8 25.Rxf8+ Kxf8 26.Rb3 b6 
27.Kf1 Rc2 28.a4 Ke7 29.a5 Rc6 30.axb6 Rxb6 31.Rd3 Kd6 32.b3 f5 33.f4 Rb4 
34.g3 Re4 35.Kf2 d4 36.Rd1 Kd5 37.Ra1 Re7 38.Ra5+ Ke4 39.Ke2 g6 40.Ra4 Rb7
41.b4 d3+ 42.Kf2 Kd4 43.b5+ Kc3 44.Ra3+ Kc2 45.Ra2+ Kb3 46.Ra6 Kc4 47.Ke3 
Rd7 48.Kd2 Kxb5 49.Ra3 a5 50.Rc3 a4 51.Rc8 Kb4 52.Rb8+ Ka3 53.Rb6 Rd4 54.
Rb1 Rb4 55.Rc1 Kb2 56.Rc3 Rb3 0-1

[Event "41st POL-ch (w)"]
[Site "Poznan POL"]
[Date "1989.??.??"]
[Round "2"]
[White "Szmacinska, Grazyna"]
[Black "Erenska-Radzewska, Hanna"]
[Result "1/2-1/2"]
[WhiteElo "2215"]
[BlackElo "2285"]
[EventDate "1989.??.??"]
[PlyCount "30"]

1.d4 f5 2.Nf3 Nf6 3.g3 g6 4.b3 Bg7 5.Bb2 O-O 6.Bg2 d6 7.O-O Qe8 8.c4 e5 9.
dxe5 Ng4 10.Nc3 Nxe5 11.Nxe5 Bxe5 12.e3 Nc6 13.Qd2 Be6 14.Nd5 Rc8 15.Rad1 
a6 1/2-1/2

[Event "41st POL-ch (w)"]
[Site "Poznan POL"]
[Date "1989.??.??"]
[Round "2"]
[White "Wiese-Jozwiak, Malgorzata"]
[Black "Strzalka, Joanna"]
[Result "1-0"]
[WhiteElo "2270"]
[BlackElo "2160"]
[EventDate "1989.??.??"]
[PlyCount "63"]

1.e4 e5 2.Nf3 Nc6 3.d4 exd4 4.Nxd4 Nf6 5.Nxc6 bxc6 6.e5 Qe7 7.Qe2 Nd5 8.h4
d6 9.c4 Nb6 10.exd6 cxd6 11.Be3 Ba6 12.Nd2 d5 13.Qg4 h5 14.Qg5 Qxg5 15.
Bxg5 dxc4 16.O-O-O Bb4 17.Be2 f6 18.a3 Bc5 19.Ne4 Be7 20.Bf4 Nd5 21.Bd6 
Bb5 22.Rhe1 Rd8 23.Bxe7 Kxe7 24.Nc5 Kd6 25.Nb7+ Kc7 26.Nxd8 Rxd8 27.Bf3 
Nf4 28.Re7+ Kc8 29.Rxd8+ Kxd8 30.Rxa7 Nd3+ 31.Kb1 Ne5 32.Rxg7 1-0

[Event "41st POL-ch (w)"]
[Site "Poznan POL"]
[Date "1989.??.??"]
[Round "3"]
[White "Erenska-Radzewska, Hanna"]
[Black "Grochot, Czeslawa"]
[Result "1-0"]
[WhiteElo "2285"]
[BlackElo "2040"]
[EventDate "1989.??.??"]
[PlyCount "71"]

1.e4 g6 2.d4 Bg7 3.c3 d5 4.exd5 Qxd5 5.Nf3 Nf6 6.Be2 O-O 7.O-O Qd8 8.h3 
Nbd7 9.Be3 b6 10.Na3 Bb7 11.Qc1 c5 12.Bh6 Rc8 13.Rd1 cxd4 14.Rxd4 Rc5 15.
Bxg7 Kxg7 16.Rh4 Rh5 17.Rxh5 Nxh5 18.Qe3 Nhf6 19.Rd1 Qc7 20.Nb5 Qc5 21.
Nbd4 e5 22.Nb5 Qe7 23.c4 a6 24.Nc3 Re8 25.a3 Qc5 26.Qxc5 bxc5 27.Rd6 e4 
28.Nd2 e3 29.fxe3 Rxe3 30.Kf2 Re7 31.Bf3 Bc8 32.Na4 Re5 33.Rc6 Bb7 34.Rxf6
Nxf6 35.Bxb7 Re6 36.Nxc5 1-0

[Event "41st POL-ch (w)"]
[Site "Poznan POL"]
[Date "1989.??.??"]
[Round "3"]
[White "Jagodzinska, Joanna"]
[Black "Szmacinska, Grazyna"]
[Result "0-1"]
[WhiteElo "2140"]
[BlackElo "2215"]
[EventDate "1989.??.??"]
[PlyCount "88"]

1.e4 e5 2.Nf3 Nc6 3.Bb5 a6 4.Ba4 Nf6 5.d4 exd4 6.O-O Be7 7.Re1 b5 8.e5 
Nxe5 9.Rxe5 bxa4 10.Nxd4 O-O 11.Nc3 Re8 12.Bg5 d6 13.Nc6 Qd7 14.Nxe7+ Rxe7
15.Rxe7 Qxe7 16.Nd5 Qe5 17.Nxf6+ gxf6 18.Qf3 Rb8 19.Bxf6 Qf5 20.Qc3 Be6 
21.Re1 h6 22.Bh8 Qg6 23.Re3 Rb5 24.h4 Rc5 25.Qd4 Rd5 26.Qc3 Rc5 27.Qd4 Kf8
28.Rg3 Qxc2 29.Rg8+ Ke7 30.Bf6+ Kd7 31.Rd8+ Kc6 32.Ra8 Kb7 33.Rh8 Rc4 34.
Qe3 Re4 35.Qf3 Bd5 36.Qc3 Qd1+ 37.Kh2 Rc4 38.Qe3 Rc1 39.Rxh6 Qh1+ 40.Kg3 
Qxg2+ 41.Kf4 Qh2+ 42.Kf5 Be6+ 43.Ke4 Qh1+ 44.Kf4 Rc4+ 0-1

[Event "41st POL-ch (w)"]
[Site "Poznan POL"]
[Date "1989.??.??"]
[Round "3"]
[White "Kaczorowska, Barbara"]
[Black "Sikora-Gizynska, Bozena"]
[Result "1/2-1/2"]
[WhiteElo "2200"]
[BlackElo "2215"]
[EventDate "1989.??.??"]
[PlyCount "53"]

1.d4 Nf6 2.Nd2 d5 3.c4 e6 4.g3 dxc4 5.Ngf3 c5 6.Nxc4 Nc6 7.dxc5 Qxd1+ 8.
Kxd1 Bxc5 9.Be3 Bxe3 10.Nxe3 O-O 11.Bg2 e5 12.Nd2 Bd7 13.Nd5 Nxd5 14.Bxd5 
Ne7 15.Bb3 Bc6 16.e4 Rfd8 17.f3 Nf5 18.Re1 Nd4 19.Re3 Nxb3 20.axb3 f6 21.
Kc2 a6 22.Nc4 Rac8 23.Rc3 Bb5 24.Rd1 Rxd1 25.Kxd1 Kf8 26.Kc2 Ke7 27.Nb6 
1/2-1/2

[Event "41st POL-ch (w)"]
[Site "Poznan POL"]
[Date "1989.??.??"]
[Round "3"]
[White "Rzeczycka, Bozena"]
[Black "Lissowska, Anna"]
[Result "1-0"]
[WhiteElo "2090"]
[BlackElo "2145"]
[EventDate "1989.??.??"]
[PlyCount "61"]

1.Nf3 d5 2.c4 c6 3.cxd5 cxd5 4.d4 Nf6 5.Nc3 Nc6 6.Bg5 e6 7.e3 Be7 8.Rc1 
Qb6 9.Qc2 h6 10.Bh4 Bd7 11.Be2 Rc8 12.O-O g5 13.Bg3 Ne4 14.Nxe4 Nxd4 15.
Qxc8+ Bxc8 16.Rxc8+ Kd7 17.Rxh8 Nxe2+ 18.Kh1 Nxg3+ 19.Nxg3 Qxb2 20.Rxh6 
Qg7 21.Rh5 f5 22.h4 g4 23.Ng5 Qg8 24.Rc1 e5 25.Rh7 f4 26.exf4 exf4 27.Re1 
fxg3 28.Rhxe7+ Kd8 29.Re8+ Qxe8 30.Rxe8+ Kxe8 31.fxg3 1-0

[Event "41st POL-ch (w)"]
[Site "Poznan POL"]
[Date "1989.??.??"]
[Round "3"]
[White "Strzalka, Joanna"]
[Black "Klusek, Danuta"]
[Result "1-0"]
[WhiteElo "2160"]
[BlackElo "2145"]
[EventDate "1989.??.??"]
[PlyCount "94"]

1.e4 c5 2.Nf3 Nc6 3.d4 cxd4 4.Nxd4 Nf6 5.Nc3 e5 6.Ndb5 d6 7.Bg5 a6 8.Na3 
b5 9.Bxf6 gxf6 10.Nd5 f5 11.g3 Be6 12.Bg2 Rc8 13.c3 Be7 14.Qh5 fxe4 15.
Bxe4 b4 16.Nc4 bxc3 17.bxc3 Na5 18.Nce3 Bg5 19.O-O Nc4 20.Rad1 Nxe3 21.
fxe3 Rc4 22.Bf5 Bxd5 23.Rxd5 Bxe3+ 24.Kg2 Qe7 25.Rfd1 Bc5 26.Rb1 Ba7 27.
Qh6 Rc6 28.Be4 Rc4 29.Rb7 Qxb7 30.Rxe5+ Qe7 31.Rxe7+ Kxe7 32.Qg5+ Kd7 33.
Qg7 Rxe4 34.Qxh8 Re2+ 35.Kh3 Rxa2 36.Qxh7 Rf2 37.Qd3 Bc5 38.Qxa6 Ke7 39.
Qb7+ Ke6 40.Qe4+ Kd7 41.g4 f6 42.Kg3 Rb2 43.h4 Rb8 44.h5 Re8 45.Qf5+ Ke7 
46.h6 Kf7 47.Qh5+ Ke7 1-0

[Event "41st POL-ch (w)"]
[Site "Poznan POL"]
[Date "1989.??.??"]
[Round "4"]
[White "Klusek, Danuta"]
[Black "Swiecik, Iwona"]
[Result "1-0"]
[WhiteElo "2145"]
[BlackElo "2240"]
[EventDate "1989.??.??"]
[PlyCount "105"]

1.e4 Nf6 2.e5 Nd5 3.d4 d6 4.Nf3 g6 5.Bc4 c6 6.O-O Bg7 7.h3 O-O 8.Bg5 Qc7 
9.Re1 Be6 10.Nbd2 Nd7 11.Bxd5 cxd5 12.Bxe7 Rfc8 13.Bxd6 Qxc2 14.Ba3 Bh6 
15.Qe2 Bf5 16.Nf1 Nb6 17.b3 Qxe2 18.Rxe2 a5 19.Ne3 Bxe3 20.Rxe3 Rc2 21.
Ree1 a4 22.Bc5 Nd7 23.Be7 Rb2 24.Ba3 Rc2 25.Be7 h6 26.Rec1 Rb2 27.Ba3 Re2 
28.Bd6 Rb2 29.Ba3 Re2 30.Be7 Rb2 31.Ba3 Re2 32.Bd6 Rb2 33.b4 Nb6 34.Rc7 
Nc4 35.Rxb7 Nxd6 36.exd6 Rd8 37.Ne5 Rxd6 38.Nxf7 Rd7 39.Rxd7 Bxd7 40.Ne5 
Bf5 41.a3 Rd2 42.Nf3 Rc2 43.Re1 Be4 44.Ne5 Rd2 45.Nc6 Kf7 46.b5 Rc2 47.f3 
Bf5 48.Re7+ Kf6 49.Ra7 Bd3 50.Nb4 Rc1+ 51.Kf2 Bxb5 52.Nxd5+ Ke6 53.Nc7+ 
1-0

[Event "41st POL-ch (w)"]
[Site "Poznan POL"]
[Date "1989.??.??"]
[Round "4"]
[White "Lissowska, Anna"]
[Black "Sikora-Gizynska, Bozena"]
[Result "0-1"]
[WhiteElo "2145"]
[BlackElo "2215"]
[EventDate "1989.??.??"]
[PlyCount "59"]

1.d4 Nf6 2.c4 e6 3.Nc3 d5 4.cxd5 exd5 5.Bg5 c6 6.Qc2 g6 7.e3 Bf5 8.Qd2 
Nbd7 9.a3 h6 10.Bh4 Bg7 11.Nf3 g5 12.Bg3 Ne4 13.Nxe4 dxe4 14.Qc2 Nb6 15.
Nd2 O-O 16.Nxe4 Bxe4 17.Qxe4 Re8 18.Qf5 Qxd4 19.Bd3 Rad8 20.Rd1 Qxb2 21.
O-O Qf6 22.Qa5 Nd5 23.e4 Nf4 24.Bxf4 Qxf4 25.Qxa7 Be5 26.g3 Qf3 27.Bc2 b5 
28.Qc5 Qf6 29.Bb3 Bd4 30.Qc2 0-1

[Event "41st POL-ch (w)"]
[Site "Poznan POL"]
[Date "1989.??.??"]
[Round "4"]
[White "Grochot, Czeslawa"]
[Black "Jagodzinska, Joanna"]
[Result "1/2-1/2"]
[WhiteElo "2040"]
[BlackElo "2140"]
[EventDate "1989.??.??"]
[PlyCount "85"]

1.e4 c5 2.Nc3 Nc6 3.g3 g6 4.Bg2 Bg7 5.d3 d6 6.Be3 Nd4 7.Qd2 Qa5 8.Rb1 Rb8 
9.a3 e6 10.Nge2 Nxe2 11.Nxe2 Qxd2+ 12.Bxd2 Ne7 13.Bf4 e5 14.Be3 Nc6 15.c3 
O-O 16.O-O Be6 17.b4 b6 18.b5 Ne7 19.c4 h6 20.h4 f5 21.Bh3 Kh7 22.Kh2 Rf7 
23.f3 Rbf8 24.Bd2 Bc8 25.Bg2 Bf6 26.a4 Be6 27.Kg1 g5 28.h5 fxe4 29.fxe4 g4
30.a5 Nc8 31.axb6 axb6 32.Nc3 Bd8 33.Nd5 Rxf1+ 34.Rxf1 Rxf1+ 35.Bxf1 Bf7 
36.Be2 Bxh5 37.Kf2 Kg6 38.Bc3 Kf7 39.Kf1 Bg5 40.Kf2 Kg7 41.Kg2 Bc1 42.Kf1 
Kg6 43.Ke1 1/2-1/2

[Event "41st POL-ch (w)"]
[Site "Poznan POL"]
[Date "1989.??.??"]
[Round "4"]
[White "Rzeczycka, Bozena"]
[Black "Strzalka, Joanna"]
[Result "1/2-1/2"]
[WhiteElo "2090"]
[BlackElo "2160"]
[EventDate "1989.??.??"]
[PlyCount "40"]

1.e4 e5 2.Nf3 Nc6 3.Bb5 Bc5 4.O-O Nd4 5.Nxd4 Bxd4 6.c3 Bb6 7.d4 c6 8.Ba4 
d6 9.dxe5 dxe5 10.Qxd8+ Bxd8 11.Be3 Bb6 12.Re1 Be6 13.Nd2 Bxe3 14.Rxe3 Rd8
15.Nf3 f6 16.Bb3 Ke7 17.Ree1 Nh6 18.Red1 Nf7 19.Ne1 Nd6 20.f3 Nc4 1/2-1/2

[Event "41st POL-ch (w)"]
[Site "Poznan POL"]
[Date "1989.??.??"]
[Round "4"]
[White "Sosnowska, Elzbieta"]
[Black "Kaczorowska, Barbara"]
[Result "1/2-1/2"]
[WhiteElo "2120"]
[BlackElo "2200"]
[EventDate "1989.??.??"]
[PlyCount "124"]

1.e4 c6 2.c4 d5 3.exd5 cxd5 4.cxd5 Nf6 5.Nc3 g6 6.Bc4 Bg7 7.Nge2 O-O 8.O-O
Nbd7 9.d3 Nb6 10.Nf4 Bf5 11.Qe2 Rc8 12.h3 a6 13.g4 Bd7 14.g5 Nh5 15.Kg2 
Nxf4+ 16.Bxf4 Bf5 17.Rac1 Qd7 18.Rh1 Na4 19.h4 Nxc3 20.bxc3 b5 21.Bb3 Bxc3
22.f3 a5 23.a3 Bg7 24.Qd2 a4 25.Ba2 Rxc1 26.Rxc1 Rc8 27.Rxc8+ Qxc8 28.d6 
exd6 29.Bxd6 Qd7 30.Bb4 Qxd3 31.Qxd3 Bxd3 32.Bd5 Bc2 33.Bc6 Bd3 34.Kf2 
Bd4+ 35.Kg3 Kg7 36.f4 f5 37.Bf3 Bc4 38.h5 Kf7 39.hxg6+ hxg6 40.Bc6 Be2 41.
Bd7 Bb6 42.Bc6 Bc7 43.Kf2 Bc4 44.Ke3 Bb6+ 45.Kd2 Bd4 46.Bd7 Kg8 47.Be8 Kg7
48.Bc6 Kf7 49.Bd7 Bf2 50.Bc6 Bb6 51.Bd7 Bd4 52.Bc6 Ba7 53.Bd7 Bb8 54.Ke3 
Bf1 55.Bc6 Bc7 56.Bd7 Bb6+ 57.Kd2 Bg1 58.Bc6 Bb6 59.Bd7 Bd4 60.Bc6 Bg7 61.
Bd7 Bc4 62.Bc6 Bd4 1/2-1/2

[Event "41st POL-ch (w)"]
[Site "Poznan POL"]
[Date "1989.??.??"]
[Round "4"]
[White "Wiese-Jozwiak, Malgorzata"]
[Black "Erenska-Radzewska, Hanna"]
[Result "0-1"]
[WhiteElo "2270"]
[BlackElo "2285"]
[EventDate "1989.??.??"]
[PlyCount "66"]

1.e4 c5 2.Nf3 e6 3.d4 cxd4 4.Nxd4 Nf6 5.Nc3 d6 6.Bc4 Be7 7.Be3 O-O 8.Bb3 
Na6 9.O-O Nc5 10.f4 Nfxe4 11.Nxe4 Nxe4 12.f5 d5 13.fxe6 fxe6 14.Rxf8+ Bxf8
15.Qh5 Be7 16.Rf1 Nf6 17.Qh4 Bd7 18.c4 Rc8 19.Qh3 dxc4 20.Bc2 Bc5 21.Qh4 
e5 22.Bg5 Bxd4+ 23.Kh1 e4 24.Bxe4 Qb6 25.Bxf6 Bxf6 26.Qxh7+ Kf8 27.Bd5 Be6
28.Bxb7 Bg8 29.Qe4 Re8 30.Qf3 Re3 31.Qf4 Re8 32.Be4 Qb8 33.Qf5 Qe5 0-1

[Event "41st POL-ch (w)"]
[Site "Poznan POL"]
[Date "1989.??.??"]
[Round "5"]
[White "Swiecik, Iwona"]
[Black "Rzeczycka, Bozena"]
[Result "1-0"]
[WhiteElo "2240"]
[BlackElo "2090"]
[EventDate "1989.??.??"]
[PlyCount "67"]

1.e4 e5 2.Nf3 Nf6 3.Nxe5 d6 4.Nf3 Nxe4 5.Nc3 Nxc3 6.dxc3 Be7 7.Be3 Nc6 8.
Qd2 Bf5 9.O-O-O Qd7 10.Bc4 Bf6 11.Rhe1 O-O 12.h3 Na5 13.Bd3 Bxd3 14.Qxd3 
Qa4 15.Kb1 Qc4 16.Qf5 b5 17.Bg5 Bxg5 18.Nxg5 g6 19.Qf6 Nc6 20.Re4 Qc5 21.
Rh4 Qe5 22.Nxh7 Qxf6 23.Nxf6+ Kg7 24.Nd5 Rac8 25.Re4 f5 26.Re6 Rf7 27.f4 
Rcf8 28.Rde1 Nd8 29.R6e2 Rd7 30.Kc1 c6 31.Nb4 Nb7 32.Nxc6 Nc5 33.Re7+ Rf7 
34.Rxd7 1-0

[Event "41st POL-ch (w)"]
[Site "Poznan POL"]
[Date "1989.??.??"]
[Round "5"]
[White "Erenska-Radzewska, Hanna"]
[Black "Klusek, Danuta"]
[Result "1-0"]
[WhiteElo "2285"]
[BlackElo "2145"]
[EventDate "1989.??.??"]
[PlyCount "67"]

1.e4 Nf6 2.e5 Nd5 3.d4 d6 4.c4 Nb6 5.exd6 cxd6 6.Nc3 g6 7.Bg5 Bg7 8.Rc1 
Nc6 9.d5 Ne5 10.h3 O-O 11.b3 Ned7 12.Nf3 Nf6 13.Bd3 e6 14.dxe6 Bxe6 15.O-O
d5 16.c5 Nbd7 17.Nb5 a6 18.Nbd4 Kh8 19.Re1 Re8 20.Qd2 Rc8 21.c6 bxc6 22.
Bxa6 Ra8 23.Bb7 Ra3 24.Bxc6 Qa5 25.Qxa5 Rxa5 26.a4 Rb8 27.Bf4 Re8 28.Ng5 
Bf8 29.Ngxe6 fxe6 30.Rxe6 Rxe6 31.Nxe6 Kg8 32.Nxf8 Nxf8 33.b4 Ra7 34.Bb8 
1-0

[Event "41st POL-ch (w)"]
[Site "Poznan POL"]
[Date "1989.??.??"]
[Round "5"]
[White "Jagodzinska, Joanna"]
[Black "Wiese-Jozwiak, Malgorzata"]
[Result "1-0"]
[WhiteElo "2140"]
[BlackElo "2270"]
[EventDate "1989.??.??"]
[PlyCount "83"]

1.e4 d5 2.exd5 Qxd5 3.Nc3 Qa5 4.d4 Nf6 5.Nf3 Bg4 6.h3 Bh5 7.g4 Bg6 8.Ne5 
e6 9.Bd2 Bb4 10.Bg2 Qa6 11.a3 Bxc3 12.Bxc3 Be4 13.Bxe4 Nxe4 14.Qf3 Nd6 15.
O-O-O Nc6 16.Nxc6 bxc6 17.Rhe1 O-O 18.Re5 Nb5 19.Rc5 Rab8 20.Qxc6 Rb6 21.
Qf3 Rfb8 22.Bb4 c6 23.c4 Nd6 24.Qd3 Rxb4 25.axb4 Rxb4 26.Qa3 Rxc4+ 27.Rxc4
Qxc4+ 28.Qc3 Qa6 29.Qb4 Nb5 30.Kb1 g6 31.h4 Kg7 32.h5 Qc8 33.Qe7 Qf8 34.
Qd7 gxh5 35.gxh5 Qd6 36.Qxd6 Nxd6 37.Rc1 Ne4 38.Rxc6 Nxf2 39.Ra6 f5 40.
Rxa7+ Kh6 41.b4 Ne4 42.Kc2 1-0

[Event "41st POL-ch (w)"]
[Site "Poznan POL"]
[Date "1989.??.??"]
[Round "5"]
[White "Kaczorowska, Barbara"]
[Black "Kaczmarek, Ewa"]
[Result "1/2-1/2"]
[WhiteElo "2200"]
[BlackElo "2160"]
[EventDate "1989.??.??"]
[PlyCount "51"]

1.c4 c6 2.d4 d5 3.cxd5 cxd5 4.Nf3 Nf6 5.Nc3 Nc6 6.Bf4 Bf5 7.e3 e6 8.Bb5 
Nd7 9.Qa4 Qb6 10.Nh4 Be4 11.f3 Bd3 12.Nxd5 Bxb5 13.Nxb6 Bxa4 14.Nxa8 Nb4 
15.Kd2 Be7 16.a3 Na6 17.Rhc1 O-O 18.Nc7 Bxh4 19.Nxa6 bxa6 20.b3 Bxb3 21.
Rc7 Ba4 22.Rxa7 Bd8 23.Rxa6 Bb5 24.Ra8 Bc6 25.Ra6 Bb5 26.Ra8 1/2-1/2

[Event "41st POL-ch (w)"]
[Site "Poznan POL"]
[Date "1989.??.??"]
[Round "5"]
[White "Sikora-Gizynska, Bozena"]
[Black "Sosnowska, Elzbieta"]
[Result "1/2-1/2"]
[WhiteElo "2215"]
[BlackElo "2120"]
[EventDate "1989.??.??"]
[PlyCount "86"]

1.e4 e5 2.Nf3 Nc6 3.Bc4 Nf6 4.d3 Bc5 5.O-O a6 6.c3 d6 7.Bb3 Ba7 8.Nbd2 Qe7
9.Nc4 h6 10.a4 Be6 11.Be3 O-O 12.Bxa7 Nxa7 13.a5 Rad8 14.Re1 c6 15.Qc2 Nb5
16.Ne3 g6 17.Nf1 Nh5 18.d4 Bg4 19.N1d2 Nf4 20.Bc4 Kh7 21.Bf1 Qf6 22.dxe5 
dxe5 23.Re3 g5 24.Nc4 Ng6 25.Rd1 Rxd1 26.Qxd1 Rd8 27.Rd3 Rxd3 28.Qxd3 Qe7 
29.Qe3 f6 30.Nfd2 Nf4 31.Nb3 Ne6 32.f3 Bh5 33.Kf2 Bf7 34.g3 Kg7 35.Be2 Nd6
36.Nbd2 Nb5 37.Nb3 Qd8 38.Qd3 Qc7 39.Qe3 Qd8 40.Qd3 Qc7 41.Qd1 Kf8 42.Qd2 
Ke7 43.Qe3 Ke8 1/2-1/2

[Event "41st POL-ch (w)"]
[Site "Poznan POL"]
[Date "1989.??.??"]
[Round "5"]
[White "Strzalka, Joanna"]
[Black "Lissowska, Anna"]
[Result "1-0"]
[WhiteElo "2160"]
[BlackElo "2145"]
[EventDate "1989.??.??"]
[PlyCount "103"]

1.e4 e6 2.d4 d5 3.e5 Ne7 4.Nf3 b6 5.Bd3 c5 6.c3 Qd7 7.Qe2 a5 8.a4 Ba6 9.
O-O h5 10.Na3 Bxd3 11.Qxd3 Nf5 12.Nb5 Na6 13.Bf4 c4 14.Qe2 Nc7 15.Nxc7+ 
Qxc7 16.b3 Rc8 17.Rfb1 Be7 18.bxc4 Qxc4 19.Qxc4 Rxc4 20.Rxb6 O-O 21.Bd2 
Rfc8 22.Rb5 Bd8 23.Ne1 f6 24.Nd3 Bc7 25.exf6 gxf6 26.f3 Nd6 27.Rb3 Rb8 28.
Rxb8+ Bxb8 29.Nf4 Kf7 30.Nxh5 Nf5 31.Rb1 Bd6 32.Ra1 Kg6 33.g4 Nh4 34.Kf2 
e5 35.Rb1 exd4 36.cxd4 Rxd4 37.Ke3 Rxa4 38.Rb7 Bf8 39.Nf4+ Rxf4 40.Kxf4 
Bh6+ 41.Kg3 Bxd2 42.Kxh4 d4 43.Rd7 Bc3 44.f4 f5 45.Rd6+ Kf7 46.g5 a4 47.
g6+ Kf8 48.Rd8+ Kg7 49.Kg5 a3 50.Rd7+ Kg8 51.Kh6 Ba5 52.Ra7 1-0